[Event "HUN-chT2 Szechenyi 2324"]
[Site "Hungary"]
[Date "2024.05.12"]
[Round "9.12"]
[White "Horvath, Matyas Sandor"]
[Black "Torok, Gyula"]
[Result "1-0"]
[WhiteElo "1729"]
[BlackElo "1615"]
[PlyCount "49"]
[EventDate "2023.10.08"]
[EventType "team-tourn"]
[EventRounds "9"]
[EventCountry "HUN"]
[SourceTitle "EXT 2025"]
[Source "ChessBase"]
[SourceDate "2024.10.14"]
[SourceVersion "1"]
[SourceVersionDate "2024.10.14"]
[SourceQuality "1"]
[WhiteTeam "Ajka ASSE"]
[BlackTeam "Tapolca VSE II"]
[WhiteTeamCountry "HUN"]
[BlackTeamCountry "HUN"]

1. e4 c5 2. Nf3 e6 3. d4 cxd4 4. Nxd4 a6 5. Bd3 Qc7 6. Be3 Nf6 7. 0-0 Be7 8. Nc3 0-0 9. Nb3 b5 10. a4 b4 11. Ne2 Bd6 12. h3 Bb7 13. f3 Be5 14. Rb1 d5 15. f4 dxe4 16. fxe5 Qc6 17. Bb5 axb5 18. axb5 Qxb5 19. exf6 gxf6 20. Rxf6 Nd7 21. Ned4 Qd5 22. Rf1 Ba6 23. Bh6 Rfe8 24. Qg4+ Kh8 25. Qg7# 1-0

[Event "HUN-chT2 Szechenyi 2324"]
[Site "Hungary"]
[Date "2024.04.07"]
[Round "7.12"]
[White "Horvath, Matyas Sandor"]
[Black "Bolla, Zsofia"]
[Result "0-1"]
[WhiteElo "1729"]
[BlackElo "1698"]
[PlyCount "104"]
[EventDate "2023.10.08"]
[EventType "team-tourn"]
[EventRounds "9"]
[EventCountry "HUN"]
[SourceTitle "EXT 2025"]
[Source "ChessBase"]
[SourceDate "2024.10.14"]
[SourceVersion "1"]
[SourceVersionDate "2024.10.14"]
[SourceQuality "1"]
[WhiteTeam "Ajka ASSE"]
[BlackTeam "Haladas Szombathely III"]
[WhiteTeamCountry "HUN"]
[BlackTeamCountry "HUN"]

1. e4 e5 2. Nf3 Nc6 3. Bc4 Bc5 4. 0-0 Nf6 5. d4 exd4 6. e5 d5 7. exf6 dxc4 8. Re1+ Be6 9. fxg7 Rg8 10. Bg5 Be7 11. Bxe7 Kxe7 12. Re4 f5 13. Re1 Rxg7 14. Qe2 Qd5 15. g3 Re8 16. Na3 Kd8 17. Ne5 Bd7 18. f4 Nxe5 19. fxe5 Bc6 20. Rf1 Rxe5 21. Qf3 Qxf3 22. Rxf3 Bxf3 23. Nxc4 Re2 24. Kf1 Rxh2 25. Ne5 Rh1+ 26. Kf2 Rxa1 27. Nxf3 Rxa2 28. Nxd4 Rxb2 29. Ne6+ Ke7 30. Nxg7 Rxc2+ 31. Kf3 a5 32. Nxf5+ Kf7 33. Nd4 Rc3+ 34. Kf2 a4 35. Nb5 Rc2+ 36. Ke3 a3 37. Nd4 Rc3+ 38. Kf2 a2 39. Nb5 Rc2+ 40. Ke3 a1Q 41. Nd4 Qc3+ 42. Ke4 Qxd4+ 43. Kxd4 b5 44. Kd3 Rc6 45. Kd4 b4 46. Kd5 Rc1 47. Kd4 b3 48. Kd3 b2 49. Kd4 b1Q 50. Ke3 Qb3+ 51. Kf4 Rc4+ 52. Kg5 Qb5+ 0-1

[Event "HUN-chT2 Szechenyi 2324"]
[Site "Hungary"]
[Date "2023.12.10"]
[Round "3.12"]
[White "Kis, Vanda Liana"]
[Black "Horvath, Matyas Sandor"]
[Result "0-1"]
[WhiteElo "1143"]
[BlackElo "1729"]
[PlyCount "112"]
[EventDate "2023.10.08"]
[EventType "team-tourn"]
[EventRounds "9"]
[EventCountry "HUN"]
[SourceTitle "EXT 2025"]
[Source "ChessBase"]
[SourceDate "2024.10.14"]
[SourceVersion "1"]
[SourceVersionDate "2024.10.14"]
[SourceQuality "1"]
[WhiteTeam "Keszthely Spartacus"]
[BlackTeam "Ajka ASSE"]
[WhiteTeamCountry "HUN"]
[BlackTeamCountry "HUN"]

1. e4 c5 2. Nf3 Nc6 3. d4 cxd4 4. Nxd4 e5 5. Nf3 d6 6. Nc3 Nf6 7. Bd3 Be6 8. 0-0 Be7 9. Be3 0-0 10. Re1 d5 11. exd5 Nxd5 12. Nxd5 Qxd5 13. c4 Qd6 14. Qc2 f5 15. Rad1 Qc7 16. Ng5 Bxg5 17. Bxg5 h6 18. Be3 Nb4 19. Qb3 Nxd3 20. Qxd3 Rad8 21. Qc3 Rxd1 22. Rxd1 Rf6 23. b3 Rg6 24. Qd3 Qc6 25. g3 Kh7 26. Kf1 f4 27. gxf4 Qh1+ 28. Ke2 Bg4+ 29. Kd2 Qxd1+ 30. Kc3 Qxd3+ 31. Kxd3 exf4 32. Bxf4 Ra6 33. a4 Rc6 34. b4 a6 35. Kd4 Be6 36. c5 b6 37. cxb6 Rxb6 38. Kc5 Rb7 39. b5 axb5 40. axb5 Rf7 41. Bg3 Bh3 42. b6 Bg2 43. Kb5 Rb7 44. Ka6 Kg6 45. Bc7 Kf5 46. h4 h5 47. Bg3 Ke6 48. Bc7 Kd7 49. Be5 g6 50. f4 Kc6 51. Bd4 Bf1+ 52. Ka5 Rb8 53. Kb4 Rxb6+ 54. Bxb6 Kxb6 55. Kc3 Kc5 56. Kd2 Kd4 0-1